01122nam a2200313 i 4500003000900000005001700009008004100026040004300067041000800110082002600118092000700144099003400151100002800185245007100213264002800284300002500312336002400337337002800361338004300389504003300432546002400465650002500489651001000514856005700524905001300581942001900594999001700613952017800630EG-GICUC20260121101526.0251220s1978    fr ||||fr|||| 000 0 fre d  aEG-GiCUCbfrecEG-GiCUCdEG-GiCUCeRda  afre04221a341.83044bLA . E04221  aLaw1 12	341.83044 LA . E 19281 aLachaze, MarceleAuteur14aLes Étrangers Dans Le Droit Public Français /cMarcel Lachaze. 1aParis :bDalloz,c1928.  a260 pages ;c24 cm .  2rda contenua texte  2rda  mediasaOrdinateur  2 transporteur rdaa Ressource en ligne  aBibliography: pages 254-256.  aTexte en français14aÉtrangers zFrance1 2qrmak40uhttps://fll.law.cu.edu.eg/fulltext/bks/B12-01666.pdf  a75eYara  2ddcn0cBKe21  c51796d51796  00102ddc40718القانون الدولي الخاصaCUbLAW1d2025-12-20l0oLaw1 12	341.83044 LA . E 1928 1201666	C1pB12-01666r2025-12-20 11:28:59t1w2025-12-20yBK